000
00304nam a22001337a 4500
020
_a
978-93-5618-538-8
082
_a
540
_b
CUE/C
100
_a
RACHNA SAGAR
245
_a
CUET UG-2023
_b
CHEMISTRY
260
_a
NEW DELHI
_b
RACHNA SAGAR
_c
2023
300
_a
184
520
_a
REFERENCE-CHEMISTRY
942
_c
BK
999
_c
7787
_d
7787